000 00359pab a2200157 454500
008 180718b1985 xxu||||| |||| 00| 0 eng d
100 _aBawa, K.S.
245 _aWhy this rush towards cities
260 _c1985
300 _a15-17
362 _a16 July
650 _aRural - Urban Migration
700 _aG.S. Kainth
773 _aYojana
909 _a17625
999 _c17625
_d17625